00274nam a2200109Ia 4500008004100000100001900041245004000060250000800100260003200108300000800140650001600148191201s2013 xx 000 0 und d aSHARMA, sanjay 0aMicroelectronics Analog and Digital a1st aN. delhibS.K.Katariac2013 a724 aB.Tech(ECE)